Bienvenue à la Médiathèque de Saint-Andiol
banniere
Accueil Recherche avancée Mon compte
handi1 Rechercher dans le catalogue

Filtre   Mots-clés
  Recherche avancée
 
Lister les dernières nouveautés
 
Lister les livres GROS CARACTERES
 
Lister les périodiques (magazines)

handi1 livre des secrets (Le)

Book Cover
Auteur principal : Shannon Messenger
Autres auteurs : Mathilde Tamae-Bouhon Laureline Chaplain
Titre : livre des secrets (Le)
Support : Livres
Langue : Francais
Publié : DL 2024 Pocket jeunesse-PKJ Paris
Series : Gardiens des cités perdues
Genre : Science fiction
Collection : Gardiens des cités perdues
Sujets :
Étiquettes :
Pas de tags
LEADER 01603nam0a2200253 450
001 16865452
010 |a 978-2-266-33941-4  |b br.  |d 9,5 € 
100 |a 20250108d2026 u u0frey01 ba 
101 1 |a fre  |c eng 
102 |a FR 
200 0 |a livre des secrets (Le)  |f Shannon Messenger  |g traduit de l'anglais (Etats-unis) par Mathilde Tamae-Bouhon et Laureline Chaplain 
207 1 |a   
210 |a Paris  |c Pocket jeunesse-PKJ  |d DL 2024 
215 |a 1 vol. (813 p.)  |c Couv. ill. en coul.  |d 18 cm 
225 1 |a Gardiens des cités perdues  |v 8,5 
327 |a Best seller 
330 |a Découvrez les secrets de la série Gardiens des Cités perdues ... La résistance face aux Invisibles s´est organisée : Sophie et ses amis ont été choisis par le Conseil pour former la Brigade intrépide et tenter de déjouer le piège que leurs ennemis leur tendent. Mais le plan des adolescents tourne court quand le roi des nains les trahit. Ils se retrouvent donc coincés sous terre avec Lady Gisela qui inflige à Keefe un traitement à base de ténèbres et de lumière, censé déclencher de nouveaux pouvoir chez l'Empathe. Mais l´effet n´est pas immédiat et le garçon tombe dans une sorte de coma où même Sophie ne peut l´atteindre avec ses pouvoirs télépathiques. 
461 0 |t Gardiens des cités perdues  |v 8,5 
700 0 |a Messenger  |b Shannon  |4 70 
702 0 |a Tamae-Bouhon  |b Mathilde  |4 730 
702 0 |a Chaplain  |b Laureline  |4 730 
900 |a Science fiction 
901 |a Adultes 
995 |a Médiathèque  |c Médiathèque  |f 089021195  |h 089021195  |k J MES 8.5 SF  |o p  |q a  |r az  |e Médiathèque